[Event "Olimpiada de Khanty-Mansiysk 2010"]
[Site "Khanty-Mansiysk RUS"]
[Date "2010.10.01"]
[Round "10"]
[White "Polaczek, Richard"]
[Black "Steadman, Michael"]
[Result "1/2-1/2"]
[WhiteElo "2385"]
[BlackElo "2309"]
[PlyCount "68"]
[EventDate "2010.09.21"]
[EventType "team"]
[EventRounds "11"]
[EventCountry "RUS"]
[Source "lmi"]
[SourceDate "2010.09.21"]
[WhiteTeam "Bélgica"]
[BlackTeam "Nueva Zelanda"]
[WhiteTeamCountry "BEL"]
[BlackTeamCountry "NZL"]

1. d4 f5 2. g3 Nf6 3. Bg2 e6 4. c4 c6 5. Nh3 d6 6. O-O Be7 7. Nc3 O-O 8. e4 e5
9. exf5 exd4 10. Qxd4 Bxf5 11. Ng5 Na6 12. Bh3 Bxh3 13. Nxh3 Qd7 14. Kg2 Nb4
15. Rb1 Qf5 16. a3 Nd3 17. f3 d5 18. cxd5 Bc5 19. Qc4 cxd5 20. Qb3 Kh8 21. Bg5
Rae8 22. Rbd1 d4 23. Bxf6 Rxf6 24. Ne4 Rxe4 25. Qxd3 Re3 26. Qxf5 Rxf5 27. Nf4
Bb6 28. Nd3 Rf8 29. Rf2 Rc8 30. Rfd2 Ba5 31. Rf2 Kg8 32. f4 Bb6 33. Rfd2 Ba5
34. Rf2 Bb6 1/2-1/2

[Event "Olimpiada de Khanty-Mansiysk 2010"]
[Site "Khanty-Mansiysk RUS"]
[Date "2010.10.01"]
[Round "10"]
[White "Croad, Nicolas"]
[Black "Vandenbussche, Thibaut"]
[Result "1/2-1/2"]
[WhiteElo "2297"]
[BlackElo "2333"]
[PlyCount "129"]
[EventDate "2010.09.21"]
[EventType "team"]
[EventRounds "11"]
[EventCountry "RUS"]
[Source "lmi"]
[SourceDate "2010.09.21"]
[WhiteTeam "Nueva Zelanda"]
[BlackTeam "Bélgica"]
[WhiteTeamCountry "NZL"]
[BlackTeamCountry "BEL"]

1. d4 d6 2. c4 g6 3. Nc3 Bg7 4. Bg5 h6 5. Bh4 c5 6. d5 Bxc3+ 7. bxc3 Qa5 8. Qd2
f5 9. f3 Nd7 10. e3 Ngf6 11. h3 Nb6 12. Bxf6 exf6 13. Bd3 Qa4 14. Qd1 Qxd1+ 15.
Kxd1 Nd7 16. f4 Kf7 17. Nf3 Re8 18. Kd2 Nb6 19. Rag1 Re4 20. Ke2 Re7 21. g4 Na4
22. Kd2 Nb2 23. Rg3 Nxd3 24. Kxd3 Bd7 25. Nd2 Rae8 26. Re1 g5 27. fxg5 hxg5 28.
Rf1 fxg4 29. hxg4 Kg7 30. Rh1 Rh8 31. Rxh8 Kxh8 32. Ne4 Bxg4 33. Rxg4 f5 34.
Rxg5 fxe4+ 35. Ke2 Kh7 36. Kf2 Rf7+ 37. Ke2 Re7 38. Rg4 Re5 39. Kf2 b5 40. cxb5
Rxd5 41. a4 Rd2+ 42. Ke1 Ra2 43. Rxe4 Kg6 44. Re6+ Kf5 45. Rxd6 Rxa4 46. Ke2
Ke4 47. Re6+ Kd5 48. Ra6 Rc4 49. Kd3 Rh4 50. e4+ Rxe4 51. Rd6+ Ke5 52. Rc6 Kd5
53. Rd6+ Ke5 54. Rd7 Ra4 55. c4 a6 56. Rd5+ Ke6 57. Rxc5 axb5 58. Rxb5 Kd6 59.
Kd4 Ra1 60. Rb6+ Kc7 61. Rh6 Ra5 62. c5 Ra1 63. Rh7+ Kc6 64. Rh6+ Kc7 65. Rh7+
1/2-1/2

[Event "Olimpiada de Khanty-Mansiysk 2010"]
[Site "Khanty-Mansiysk RUS"]
[Date "2010.10.01"]
[Round "10"]
[White "Solomon, Kenny"]
[Black "Khader, Sami"]
[Result "1-0"]
[WhiteElo "2394"]
[BlackElo "2449"]
[PlyCount "151"]
[EventDate "2010.09.21"]
[EventType "team"]
[EventRounds "11"]
[EventCountry "RUS"]
[Source "lmi"]
[SourceDate "2010.09.21"]
[WhiteTeam "Sudáfrica"]
[BlackTeam "Jordania"]
[WhiteTeamCountry "RSA"]
[BlackTeamCountry "JOR"]

1. d4 Nf6 2. c4 g6 3. Nc3 Bg7 4. e4 d6 5. Be2 O-O 6. Nf3 e5 7. Be3 Nbd7 8. O-O
Re8 9. d5 Nh5 10. g3 Bf8 11. Ne1 Ng7 12. Nd3 f5 13. f3 a5 14. Qd2 Be7 15. Rfc1
Rf8 16. Bh6 Rf7 17. Rf1 b6 18. Rad1 Nf6 19. Nf2 Nfh5 20. Kg2 Bd7 21. b3 Kh8 22.
a3 Ne8 23. exf5 gxf5 24. f4 Nef6 25. Nh3 Bf8 26. Bg5 Qe8 27. Rde1 e4 28. Bd1
Bg7 29. Bh4 h6 30. Nf2 Rf8 31. h3 Qg6 32. Kh2 Rae8 33. Re3 Nh7 34. Ree1 N5f6
35. Rg1 Qf7 36. Bc2 Rg8 37. Ncd1 Nf8 38. Ne3 N6h7 39. Bd1 Ng6 40. Ng2 Nxh4 41.
Nxh4 Bf6 42. Qe2 Bxh4 43. gxh4 Qf6 44. h5 Qh4 45. Qe3 Nf6 46. Rg6 Kh7 47. Reg1
Nxh5 48. Bxh5 Qxh5 49. Rxg8 Rxg8 50. Rxg8 Kxg8 51. a4 Be8 52. Nh1 Bg6 53. Nf2
Qh4 54. Kg2 Bh5 55. Kf1 Bf3 56. Ke1 Qf6 57. Kd2 Qb2+ 58. Ke1 Kf7 59. h4 Ke7 60.
Nh3 Qh2 61. Ng1 Qxh4+ 62. Kd2 Qg4 63. Nxf3 Qg2+ 64. Qe2 Qxf3 65. Qxf3 exf3 66.
Ke3 b5 67. axb5 Kd7 68. Kxf3 Kc8 69. Kg3 Kb7 70. Kh4 Kb6 71. Kh5 Kc5 72. Kg6
Kb4 73. Kxf5 Kxb3 74. c5 dxc5 75. d6 cxd6 76. b6 1-0

[Event "Olimpiada de Khanty-Mansiysk 2010"]
[Site "Khanty-Mansiysk RUS"]
[Date "2010.10.01"]
[Round "10"]
[White "Samhouri, Ahmad Fawzi"]
[Black "Kobese, Watu"]
[Result "1/2-1/2"]
[WhiteElo "2372"]
[BlackElo "2370"]
[PlyCount "105"]
[EventDate "2010.09.21"]
[EventType "team"]
[EventRounds "11"]
[EventCountry "RUS"]
[Source "lmi"]
[SourceDate "2010.09.21"]
[WhiteTeam "Jordania"]
[BlackTeam "Sudáfrica"]
[WhiteTeamCountry "JOR"]
[BlackTeamCountry "RSA"]

1. c4 e6 2. d4 Nf6 3. Nf3 Bb4+ 4. Nbd2 O-O 5. a3 Be7 6. e4 d5 7. Bd3 c5 8. dxc5
a5 9. O-O Nbd7 10. e5 Ng4 11. cxd5 Ngxe5 12. Nxe5 Nxe5 13. Bxh7+ Kxh7 14. Qh5+
Kg8 15. Qxe5 Qxd5 16. Qxd5 exd5 17. Re1 Bf6 18. Nf3 Bf5 19. Be3 Bxb2 20. Ra2
Bc3 21. Rc1 Bf6 22. Bd4 Be7 23. Rb2 Bc8 24. h3 Ra6 25. Re1 Re8 26. Rbe2 Re6 27.
Rxe6 Bxe6 28. Rb1 Rc8 29. Rb5 a4 30. g4 Rc7 31. Ne5 f6 32. Nd3 Bd7 33. Ra5 Kf7
34. f4 g6 35. Kf2 Rc8 36. Nb4 Bc6 37. Nxc6 Rxc6 38. f5 g5 39. Ke3 Rc8 40. Kf3
Rh8 41. Kg2 Rc8 42. Rb5 Rc7 43. Kf3 Ke8 44. Ra5 Rc6 45. Ke3 Kd7 46. Rb5 Kc7 47.
Ra5 Ra6 48. Rb5 Ra8 49. Kf3 Ra6 50. Rb1 Rc6 51. Rb5 Ra6 52. Rb1 Rc6 53. Rb5
1/2-1/2

[Event "Olimpiada de Khanty-Mansiysk 2010"]
[Site "Khanty-Mansiysk RUS"]
[Date "2010.10.01"]
[Round "10"]
[White "Johannes, Manyedi Mabusel"]
[Black "Mansour, Sameer"]
[Result "0-1"]
[WhiteElo "2288"]
[BlackElo "2283"]
[PlyCount "102"]
[EventDate "2010.09.21"]
[EventType "team"]
[EventRounds "11"]
[EventCountry "RUS"]
[Source "lmi"]
[SourceDate "2010.09.21"]
[WhiteTeam "Sudáfrica"]
[BlackTeam "Jordania"]
[WhiteTeamCountry "RSA"]
[BlackTeamCountry "JOR"]

1. d4 Nf6 2. c4 e6 3. Nc3 Bb4 4. Qc2 Nc6 5. Nf3 d6 6. Bd2 e5 7. d5 Bxc3 8. Bxc3
Ne7 9. e4 O-O 10. g3 Nh5 11. Be2 g6 12. Nd2 f5 13. exf5 Bxf5 14. Qb3 Nf6 15.
Qxb7 Nd7 16. Qb3 Nc5 17. Qa3 Bd3 18. b4 Bxe2 19. Kxe2 Nd7 20. Ne4 Nf5 21. Qc1
Nd4+ 22. Bxd4 exd4 23. Qd2 Ne5 24. f4 Qd7 25. Kf2 Qg4 26. Qe2 Qf5 27. Kg2 Nxc4
28. Qxc4 Qxe4+ 29. Kf2 Qe3+ 30. Kg2 Qe4+ 31. Kf2 Qe3+ 32. Kg2 Qd2+ 33. Kh3 Rf5
34. Rad1 Rh5+ 35. Kg4 Qg2 36. Qf1 Qxd5 37. h4 Re8 38. Rd3 Qe6+ 39. Kf3 Qe4+ 40.
Kf2 c5 41. Qd1 Rd5 42. Re1 Qxe1+ 43. Qxe1 Rxe1 44. Kxe1 c4 45. Ra3 Rb5 46. Ra6
Rxb4 47. Rxd6 c3 48. Kd1 Kf7 49. Kc2 Ke7 50. Ra6 Rb2+ 51. Kc1 Rg2 0-1

[Event "Olimpiada de Khanty-Mansiysk 2010"]
[Site "Khanty-Mansiysk RUS"]
[Date "2010.10.01"]
[Round "10"]
[White "Samhouri, Bilal"]
[Black "Van den Heever, Donovan"]
[Result "1/2-1/2"]
[WhiteElo "2269"]
[BlackElo "2285"]
[PlyCount "161"]
[EventDate "2010.09.21"]
[EventType "team"]
[EventRounds "11"]
[EventCountry "RUS"]
[Source "lmi"]
[SourceDate "2010.09.21"]
[WhiteTeam "Jordania"]
[BlackTeam "Sudáfrica"]
[WhiteTeamCountry "JOR"]
[BlackTeamCountry "RSA"]

1. d4 Nf6 2. Nf3 c5 3. e3 g6 4. c4 Bg7 5. Nc3 O-O 6. Be2 cxd4 7. exd4 d5 8. O-O
Nc6 9. c5 Ne4 10. Be3 Nxc5 11. dxc5 d4 12. Nxd4 Nxd4 13. Rc1 Nxe2+ 14. Qxe2 Qa5
15. Nd5 Qxa2 16. Nxe7+ Kh8 17. Nxc8 Rfxc8 18. Rc2 Qb3 19. h3 h5 20. Ra1 a6 21.
Ra3 Qe6 22. b4 Rd8 23. Qf3 Rab8 24. Qe2 Qe4 25. Rb3 Rd7 26. Rc1 Rc8 27. b5 axb5
28. Qxb5 Rcd8 29. Rbb1 Be5 30. Qb6 Kh7 31. Re1 Qf5 32. Qa5 Qxb1 33. Rxb1 Rd1+
34. Qe1 Rxe1+ 35. Rxe1 Rd7 36. Rb1 Kg7 37. Kf1 Kf8 38. Rb6 Kg7 39. Ke2 Kf8 40.
f4 Bc3 41. f5 gxf5 42. Rh6 Bd4 43. Bxd4 Rxd4 44. Rxh5 Rd5 45. Rh8+ Ke7 46. Rb8
Rxc5 47. Rxb7+ Kf6 48. Rb4 Rc3 49. Kf2 Kg5 50. Rb7 Kg6 51. Rb8 Kg7 52. Rb6 f6
53. Re6 Kg6 54. Re8 Kf7 55. Re3 Rc2+ 56. Kf3 Rc4 57. Ra3 Rb4 58. Kg3 Kg6 59.
Rf3 Kg5 60. Ra3 Kg6 61. Ra8 Rb3+ 62. Kf4 Rb4+ 63. Kg3 Rb3+ 64. Kh2 Rb4 65. Rg8+
Kf7 66. Rg3 Ra4 67. Rf3 Kg6 68. Kg3 Kg5 69. Rc3 Rb4 70. Kf3 Ra4 71. g3 Rb4 72.
h4+ Kg6 73. Rc8 Rb3+ 74. Kg2 f4 75. gxf4 Kf5 76. Rc6 Kxf4 77. Rxf6+ Kg4 78. Rh6
Rg3+ 79. Kf2 Rh3 80. Kg2 Rxh4 81. Rxh4+ 1/2-1/2

[Event "Olimpiada de Khanty-Mansiysk 2010"]
[Site "Khanty-Mansiysk RUS"]
[Date "2010.10.01"]
[Round "10"]
[White "Zhang, Zhong"]
[Black "Zhao, Zong-Yuan"]
[Result "1-0"]
[WhiteElo "2582"]
[BlackElo "2583"]
[PlyCount "62"]
[EventDate "2010.09.21"]
[EventType "team"]
[EventRounds "11"]
[EventCountry "RUS"]
[Source "lmi"]
[SourceDate "2010.09.21"]
[WhiteTeam "Singapur"]
[BlackTeam "Australia"]
[WhiteTeamCountry "SIN"]
[BlackTeamCountry "AUS"]

1. e4 c5 2. Nf3 Nc6 3. Bb5 g6 4. Bxc6 dxc6 5. d3 Bg7 6. h3 e5 7. Be3 b6 8. a3
a5 9. Qd2 f6 10. Qc3 Ne7 11. Nbd2 O-O 12. Nc4 Be6 13. O-O a4 14. b4 axb3 15.
cxb3 Nd5 16. exd5 cxd5 17. Nxb6 Qxb6 18. Bxc5 Rfc8 19. b4 Qb5 20. d4 e4 21. Nd2
f5 22. Qg3 Bh6 23. Nb3 Bf7 24. Bd6 Rc2 25. Nc5 Bd2 26. a4 Qe8 27. b5 e3 28. Be5
e2 29. Rfb1 Rc3 30. Qh4 g5 31. Qh6 Rxc5 1-0

[Event "Olimpiada de Khanty-Mansiysk 2010"]
[Site "Khanty-Mansiysk RUS"]
[Date "2010.10.01"]
[Round "10"]
[White "Chan, Wei Xuan Timothy"]
[Black "Johansen, Darryl K"]
[Result "1-0"]
[WhiteElo "2338"]
[BlackElo "2420"]
[PlyCount "93"]
[EventDate "2010.09.21"]
[EventType "team"]
[EventRounds "11"]
[EventCountry "RUS"]
[Source "lmi"]
[SourceDate "2010.09.21"]
[WhiteTeam "Singapur"]
[BlackTeam "Australia"]
[WhiteTeamCountry "SIN"]
[BlackTeamCountry "AUS"]

1. e4 c5 2. Nf3 e6 3. b3 d6 4. Bb5+ Bd7 5. Bxd7+ Nxd7 6. O-O Ngf6 7. Qe2 Be7 8.
c4 O-O 9. d4 cxd4 10. Nxd4 a6 11. Nc3 Qc7 12. Bb2 Rfe8 13. Rae1 Bf8 14. Kh1 Qb6
15. Nc2 Qc5 16. f4 Qh5 17. Rf3 h6 18. h3 Rac8 19. Rg1 Qa5 20. Rd1 Red8 21. Rfd3
Qc7 22. e5 Ne8 23. Ne4 d5 24. cxd5 Qxc2 25. Qxc2 Rxc2 26. dxe6 fxe6 27. Bc3 Nc5
28. Rxd8 Nxe4 29. Rxe8 Nf2+ 30. Kg1 Nxd1 31. Bb4 Ne3 32. Rxf8+ Kh7 33. g4 g6
34. Be7 Kg7 35. Rb8 b5 36. Bf6+ Kf7 37. Rb7+ Ke8 38. Re7+ Kf8 39. Rxe6 Rg2+ 40.
Kh1 Rg3 41. g5 h5 42. Rxa6 h4 43. e6 Rxh3+ 44. Kg1 Rg3+ 45. Kf2 Ng4+ 46. Ke2
Re3+ 47. Kd2 1-0

[Event "Olimpiada de Khanty-Mansiysk 2010"]
[Site "Khanty-Mansiysk RUS"]
[Date "2010.10.01"]
[Round "10"]
[White "Solomon, Stephen J"]
[Black "Chua, Zheng Yuan Terry"]
[Result "1-0"]
[WhiteElo "2396"]
[BlackElo "2280"]
[PlyCount "81"]
[EventDate "2010.09.21"]
[EventType "team"]
[EventRounds "11"]
[EventCountry "RUS"]
[Source "lmi"]
[SourceDate "2010.09.21"]
[WhiteTeam "Australia"]
[BlackTeam "Singapur"]
[WhiteTeamCountry "AUS"]
[BlackTeamCountry "SIN"]

1. e4 c5 2. Nf3 d6 3. d4 cxd4 4. Nxd4 Nf6 5. Nc3 g6 6. Be3 Bg7 7. f3 a6 8. Qd2
Nbd7 9. g4 b5 10. O-O-O Bb7 11. g5 Nh5 12. Nce2 d5 13. exd5 Nb6 14. Ng3 Nxg3
15. hxg3 Qxd5 16. Qa5 Nc4 17. Bxc4 Qxc4 18. b3 Qc5 19. Rhe1 Rc8 20. c4 O-O 21.
Ne6 Qc6 22. Nxg7 bxc4 23. b4 Kxg7 24. Bd4+ Kg8 25. Rxe7 Rcd8 26. Qe5 Rxd4 27.
Qxd4 Qxf3 28. Qe3 Qc6 29. Re1 Bc8 30. Re8 Be6 31. Rxf8+ Kxf8 32. Qc5+ Qxc5 33.
bxc5 Ke7 34. Rd1 a5 35. Kb2 f6 36. gxf6+ Kxf6 37. c6 Ke7 38. c7 Bd7 39. Kc3 h5
40. Kxc4 g5 41. Kc5 1-0

[Event "Olimpiada de Khanty-Mansiysk 2010"]
[Site "Khanty-Mansiysk RUS"]
[Date "2010.10.01"]
[Round "10"]
[White "De La Riva Aguado, Oscar"]
[Black "Rozentalis, Eduardas"]
[Result "1/2-1/2"]
[WhiteElo "2521"]
[BlackElo "2611"]
[PlyCount "31"]
[EventDate "2010.09.21"]
[EventType "team"]
[EventRounds "11"]
[EventCountry "RUS"]
[Source "lmi"]
[SourceDate "2010.09.21"]
[WhiteTeam "Andorra"]
[BlackTeam "Lituania"]
[WhiteTeamCountry "AND"]
[BlackTeamCountry "LTU"]

1. e4 e6 2. d4 d5 3. Nc3 Bb4 4. exd5 exd5 5. Bd3 Nc6 6. a3 Bxc3+ 7. bxc3 Nce7
8. Qf3 Nf6 9. Bg5 Ne4 10. Bxe4 dxe4 11. Qxe4 f6 12. Bd2 O-O 13. Ne2 c6 14. c4
Bf5 15. Qf3 Bxc2 16. Rf1 1/2-1/2

[Event "Olimpiada de Khanty-Mansiysk 2010"]
[Site "Khanty-Mansiysk RUS"]
[Date "2010.10.01"]
[Round "10"]
[White "Garcia, Raul"]
[Black "Malisauskas, Vidmantas"]
[Result "1/2-1/2"]
[WhiteElo "2236"]
[BlackElo "2510"]
[PlyCount "33"]
[EventDate "2010.09.21"]
[EventType "team"]
[EventRounds "11"]
[EventCountry "RUS"]
[Source "lmi"]
[SourceDate "2010.09.21"]
[WhiteTeam "Andorra"]
[BlackTeam "Lituania"]
[WhiteTeamCountry "AND"]
[BlackTeamCountry "LTU"]

1. d4 d5 2. Nf3 Nf6 3. c4 c6 4. e3 Bf5 5. Nc3 e6 6. Nh4 Bg6 7. Be2 Bd6 8. Nxg6
hxg6 9. h3 Nbd7 10. b3 Qe7 11. Bb2 Ba3 12. Bxa3 Qxa3 13. Rc1 O-O 14. O-O a6 15.
Qd2 b5 16. cxd5 cxd5 17. Rc2 1/2-1/2

[Event "Olimpiada de Khanty-Mansiysk 2010"]
[Site "Khanty-Mansiysk RUS"]
[Date "2010.10.01"]
[Round "10"]
[White "Latorre, Manuel"]
[Black "Mitkov, Nikola"]
[Result "1-0"]
[WhiteElo "2284"]
[BlackElo "2531"]
[PlyCount "123"]
[EventDate "2010.09.21"]
[EventType "team"]
[EventRounds "11"]
[EventCountry "RUS"]
[Source "lmi"]
[SourceDate "2010.09.21"]
[WhiteTeam "Paraguay"]
[BlackTeam "MKD"]
[WhiteTeamCountry "PAR"]

1. d4 d5 2. c4 e6 3. Nf3 Nf6 4. Bg5 h6 5. Bxf6 Qxf6 6. e3 Nd7 7. Nc3 c6 8. Qc2
Bb4 9. a3 Ba5 10. Be2 dxc4 11. Bxc4 O-O 12. O-O e5 13. Rfe1 Bc7 14. Ba2 exd4
15. exd4 Nb6 16. Bb1 g6 17. Ne5 Bf5 18. Qc1 Rad8 19. Bxf5 Qxf5 20. Qxh6 Rxd4
21. Nf3 Rg4 22. h3 Qf4 23. Qxf8+ Kxf8 24. hxg4 Qxg4 25. Re4 Qf5 26. Rae1 Nc8
27. Re8+ Kg7 28. Ne4 Bb6 29. Nfg5 Qd7 30. Rg8+ Kh6 31. Rh8+ Kg7 32. Rh7+ Kf8
33. Rxf7+ Qxf7 34. Nxf7 Kxf7 35. g4 Bd4 36. Re2 b5 37. Rd2 Be5 38. f4 Bxf4 39.
Rf2 g5 40. Nxg5+ Kg6 41. Rxf4 Kxg5 42. Rf8 Nb6 43. Rg8+ Kf4 44. b3 c5 45. Kg2
c4 46. bxc4 Nxc4 47. Kh3 Nxa3 48. Rf8+ Kg5 49. Rf3 b4 50. Rf5+ Kg6 51. Ra5 Nc4
52. Rb5 a5 53. Rc5 Nd2 54. Rxa5 b3 55. Rb5 Kh6 56. Kg3 Kg6 57. Kf4 Kf6 58. Rb6+
Ke7 59. g5 Kf7 60. Kf5 Nf3 61. g6+ Ke7 62. Rb7+ 1-0

[Event "Olimpiada de Khanty-Mansiysk 2010"]
[Site "Khanty-Mansiysk RUS"]
[Date "2010.10.01"]
[Round "10"]
[White "Stanojoski, Zvonko"]
[Black "Vazquez, Guillermo"]
[Result "1-0"]
[WhiteElo "2485"]
[BlackElo "2166"]
[PlyCount "83"]
[EventDate "2010.09.21"]
[EventType "team"]
[EventRounds "11"]
[EventCountry "RUS"]
[Source "lmi"]
[SourceDate "2010.09.21"]
[WhiteTeam "MKD"]
[BlackTeam "Paraguay"]
[BlackTeamCountry "PAR"]

1. e4 c5 2. Nf3 Nc6 3. d4 cxd4 4. Nxd4 Nf6 5. Nc3 e5 6. Ndb5 d6 7. Bg5 a6 8.
Na3 b5 9. Nd5 Be7 10. Bxf6 Bxf6 11. c3 Bg5 12. Nc2 O-O 13. a4 bxa4 14. Rxa4 a5
15. Bc4 Rb8 16. Ra2 Kh8 17. Nce3 g6 18. h4 Bxh4 19. g3 Bg5 20. f4 exf4 21. gxf4
Bh4+ 22. Kd2 Bf2 23. Ng4 Bh4 24. b3 f5 25. Nge3 fxe4 26. Kc1 Bf6 27. Rah2 Rb7
28. Ng4 Bxg4 29. Qxg4 Qe8 30. Bb5 Rg7 31. Qe2 Qc8 32. Nxf6 Rxf6 33. Qxe4 d5 34.
Qxd5 Ne7 35. Qd4 Qf5 36. Kb2 Qxf4 37. Qd8+ Rf8 38. Qxa5 Nf5 39. Bc4 Rb8 40. Bd3
Rf8 41. Qa6 Rd8 42. Qf6 1-0

[Event "Olimpiada de Khanty-Mansiysk 2010"]
[Site "Khanty-Mansiysk RUS"]
[Date "2010.10.01"]
[Round "10"]
[White "Peralta, Eduardo"]
[Black "Pancevski, Filip"]
[Result "0-1"]
[WhiteElo "2266"]
[BlackElo "2410"]
[PlyCount "94"]
[EventDate "2010.09.21"]
[EventType "team"]
[EventRounds "11"]
[EventCountry "RUS"]
[Source "lmi"]
[SourceDate "2010.09.21"]
[WhiteTeam "Paraguay"]
[BlackTeam "MKD"]
[WhiteTeamCountry "PAR"]

1. e4 c5 2. Nc3 a6 3. g3 b5 4. Bg2 Bb7 5. d3 e6 6. f4 b4 7. Nce2 d5 8. e5 h5 9.
Nf3 Nh6 10. O-O Be7 11. c4 Nf5 12. h3 Nc6 13. Qe1 dxc4 14. dxc4 Qd3 15. b3 a5
16. Qf2 a4 17. Ne1 Qd7 18. Rb1 axb3 19. axb3 Ra2 20. Rb2 Rxb2 21. Bxb2 Qd1 22.
Nc1 h4 23. Nc2 hxg3 24. Rxd1 gxf2+ 25. Kxf2 Na5 26. Bxb7 Nxb7 27. Rd3 Bh4+ 28.
Kg2 g5 29. Ne3 Nxe3+ 30. Rxe3 gxf4 31. Rf3 Rg8+ 32. Kf1 Rg3 33. Rxg3 fxg3 34.
Nd3 Be7 35. Bc1 Na5 36. Be3 Nxb3 37. Kg2 Na5 38. Nb2 Nc6 39. Bf4 f6 40. Bxg3
Nxe5 41. Bxe5 fxe5 42. Kf3 e4+ 43. Kxe4 Bf6 44. Na4 Bd4 45. Nb6 b3 46. Kd3 e5
47. Nd5 e4+ 0-1

[Event "Olimpiada de Khanty-Mansiysk 2010"]
[Site "Khanty-Mansiysk RUS"]
[Date "2010.10.01"]
[Round "10"]
[White "Pereira, Ruben"]
[Black "Kopylov, Alexander A"]
[Result "0-1"]
[WhiteElo "2423"]
[BlackElo "2438"]
[PlyCount "92"]
[EventDate "2010.09.21"]
[EventType "team"]
[EventRounds "11"]
[EventCountry "RUS"]
[Source "lmi"]
[SourceDate "2010.09.21"]
[WhiteTeam "Portugal"]
[BlackTeam "RU5"]
[WhiteTeamCountry "POR"]

1. e4 c5 2. Nf3 e6 3. Nc3 a6 4. g3 Nc6 5. d4 cxd4 6. Nxd4 Qc7 7. Bg2 Nf6 8. O-O
Nxd4 9. Qxd4 Bc5 10. Qd3 d6 11. Bf4 h6 12. Rad1 e5 13. Be3 Be6 14. Bxc5 dxc5
15. Nd5 Bxd5 16. exd5 Qd6 17. f4 exf4 18. Rfe1+ Kd8 19. gxf4 Re8 20. Qg3 Nh5
21. Qg4 Nxf4 22. Rxe8+ Kxe8 23. Qxg7 Nxg2 24. Qg8+ Qf8 25. Qxg2 Kd7 26. Qh3+
Kd6 27. b4 cxb4 28. Qe3 Kd7 29. d6 Qg7+ 30. Kh1 Qf6 31. Qe4 Rb8 32. Qd5 Qe6 33.
Qf3 f5 34. Rd4 Qe5 35. Rf4 Ke6 36. Qb3+ Kf6 37. Rxb4 Qe1+ 38. Kg2 Qe2+ 39. Kh3
Qf1+ 40. Kh4 Qe1+ 41. Kh5 Qe2+ 42. Kh4 Qxh2+ 43. Qh3 Qd2 44. Qb3 Qe1+ 45. Kh3
Qh1+ 46. Kg3 Rg8+ 0-1

[Event "Olimpiada de Khanty-Mansiysk 2010"]
[Site "Khanty-Mansiysk RUS"]
[Date "2010.10.01"]
[Round "10"]
[White "Savitskiy, Sergey"]
[Black "Fernandes, Antonio"]
[Result "0-1"]
[WhiteElo "2373"]
[BlackElo "2422"]
[PlyCount "104"]
[EventDate "2010.09.21"]
[EventType "team"]
[EventRounds "11"]
[EventCountry "RUS"]
[Source "lmi"]
[SourceDate "2010.09.21"]
[WhiteTeam "RU5"]
[BlackTeam "Portugal"]
[BlackTeamCountry "POR"]

1. e4 c6 2. d4 d5 3. Nc3 dxe4 4. Nxe4 Nd7 5. Nf3 Ndf6 6. Bd3 Nxe4 7. Bxe4 Nf6
8. Bd3 Bg4 9. Be3 e6 10. O-O Be7 11. h3 Bh5 12. c4 O-O 13. Be2 Qc7 14. Ne5 Bxe2
15. Qxe2 c5 16. Rfd1 Rfd8 17. Rac1 Rac8 18. b3 h6 19. Rd3 cxd4 20. Bxd4 Nd5 21.
Bb2 Nf4 22. Rxd8+ Rxd8 23. Qf3 Rd2 24. Bc3 Rxa2 25. Re1 Bc5 26. Qxf4 Rxf2 27.
Qxf2 Bxf2+ 28. Kxf2 Qb6+ 29. Ke2 Qxb3 30. Kd3 f6 31. Nf3 b5 32. cxb5 Qxb5+ 33.
Kc2 e5 34. Nd2 a5 35. g4 a4 36. h4 a3 37. g5 Qa4+ 38. Nb3 Qxh4 39. gxf6 gxf6
40. Re2 h5 41. Nd2 Qa4+ 42. Kd3 Qb5+ 43. Ke3 Qc5+ 44. Kd3 Qd5+ 45. Kc2 Kf7 46.
Ne4 h4 47. Nd2 Kg6 48. Rh2 Kg5 49. Rf2 h3 50. Nf3+ Kg4 51. Nh2+ Kg3 52. Re2 Qg2
0-1

[Event "Olimpiada de Khanty-Mansiysk 2010"]
[Site "Khanty-Mansiysk RUS"]
[Date "2010.10.01"]
[Round "10"]
[White "Rocha, Sergio"]
[Black "Yuffa, Daniil"]
[Result "1/2-1/2"]
[WhiteElo "2438"]
[BlackElo "2235"]
[PlyCount "150"]
[EventDate "2010.09.21"]
[EventType "team"]
[EventRounds "11"]
[EventCountry "RUS"]
[Source "lmi"]
[SourceDate "2010.09.21"]
[WhiteTeam "Portugal"]
[BlackTeam "RU5"]
[WhiteTeamCountry "POR"]

1. e4 c5 2. Nf3 e6 3. Nc3 a6 4. d4 cxd4 5. Nxd4 Qc7 6. g3 Nf6 7. Bg2 Nc6 8. O-O
Nxd4 9. Qxd4 Bc5 10. Bf4 d6 11. Qd3 Nd7 12. Na4 e5 13. Bd2 b5 14. Nxc5 Nxc5 15.
Qa3 O-O 16. Ba5 Qc6 17. Rad1 Bb7 18. Rd5 Qc8 19. Rxd6 Bxe4 20. Bb4 Bxg2 21.
Kxg2 Ne4 22. Rdd1 Re8 23. Qe3 Qc4 24. Qb3 Qc6 25. Qd5 Qg6 26. Rfe1 Nf6 27. Qd2
h5 28. Qd3 e4 29. Qe2 e3 30. f3 h4 31. Rd4 h3+ 32. Kxh3 Nd5 33. Qd3 Qe6+ 34.
Kg2 Nxb4 35. Rxb4 Rad8 36. Rd4 Rxd4 37. Qxd4 Qxa2 38. h4 Qe6 39. Re2 Re7 40. c3
Rd7 41. Qxe3 Qxe3 42. Rxe3 Rd2+ 43. Kh3 Rxb2 44. Re8+ Kh7 45. Ra8 Ra2 46. h5 a5
47. Kg4 a4 48. f4 Ra1 49. Ra5 Rb1 50. c4 bxc4 51. Rxa4 c3 52. Rc4 Rc1 53. Kf5
f6 54. Rc8 Rc2 55. h6 Rg2 56. hxg7 Rxg3 57. g8=Q+ Rxg8 58. Rxc3 Ra8 59. Rc7+
Kh6 60. Kxf6 Ra4 61. Kf5 Ra6 62. Re7 Ra4 63. Ke5 Ra5+ 64. Kf6 Ra4 65. f5 Ra5
66. Rd7 Ra6+ 67. Ke5 Ra1 68. f6 Kg6 69. Rg7+ Kh6 70. Rd7 Kg6 71. Rg7+ Kh6 72.
Ke6 Ra6+ 73. Ke7 Ra7+ 74. Kf8 Ra8+ 75. Kf7 Ra7+ 1/2-1/2

[Event "Olimpiada de Khanty-Mansiysk 2010"]
[Site "Khanty-Mansiysk RUS"]
[Date "2010.10.01"]
[Round "10"]
[White "Gundavaa, Bayarsaikhan"]
[Black "Collins, Sam E"]
[Result "0-1"]
[WhiteElo "2460"]
[BlackElo "2431"]
[PlyCount "202"]
[EventDate "2010.09.21"]
[EventType "team"]
[EventRounds "11"]
[EventCountry "RUS"]
[Source "lmi"]
[SourceDate "2010.09.21"]
[WhiteTeam "Mongolia"]
[BlackTeam "Irlanda"]
[WhiteTeamCountry "MGL"]
[BlackTeamCountry "IRL"]

1. d4 d5 2. c4 e6 3. Nf3 c5 4. cxd5 exd5 5. g3 Nc6 6. Bg2 Nf6 7. O-O Be7 8. Nc3
O-O 9. dxc5 d4 10. Na4 Bf5 11. Bf4 Be4 12. Rc1 Qd5 13. Qb3 Qh5 14. Ng5 Ng4 15.
h3 Bxg2 16. Kxg2 Nxf2 17. Qxb7 Bxg5 18. Qxc6 Bxf4 19. gxf4 Qxh3+ 20. Kxf2 Rae8
21. Qf3 Qh4+ 22. Kg2 Re3 23. Rh1 Qe7 24. Qh5 Qe4+ 25. Kf1 Qxf4+ 26. Ke1 Rxe2+
27. Kxe2 Qe3+ 28. Kd1 Qd3+ 29. Ke1 Re8+ 30. Kf2 Qd2+ 31. Kg3 Re3+ 32. Qf3 h5
33. Qxe3 Qxe3+ 34. Kg2 h4 35. Rhf1 Qg3+ 36. Kh1 Qh3+ 37. Kg1 Qg4+ 38. Kh2 Qg3+
39. Kh1 d3 40. Nc3 Qh3+ 41. Kg1 Qg3+ 42. Kh1 Qh3+ 43. Kg1 Qe3+ 44. Kg2 Qxc5 45.
Rcd1 Qg5+ 46. Kf3 Qg3+ 47. Ke4 h3 48. Rg1 Qf2 49. Kxd3 Qxb2 50. Rd2 Qb6 51. Rh1
Qg6+ 52. Ne4 f5 53. Nf2 h2 54. Ke2 Qg2 55. Rd3 a5 56. Rf3 Qg6 57. a3 Qa6+ 58.
Ke1 g5 59. Rxh2 Qe6+ 60. Kf1 g4 61. Rd3 Qc4 62. Kg1 Qc1+ 63. Kg2 Qc6+ 64. Kf1
Qc4 65. Rh5 Qc1+ 66. Kg2 Qc6+ 67. Kg1 Qc1+ 68. Rd1 Qf4 69. Rd8+ Kg7 70. Rhh8
Qg3+ 71. Kf1 Qxa3 72. Nd3 Qb3 73. Kf2 a4 74. Ke3 a3 75. Ra8 a2 76. Rhd8 Qb6+
77. Rd4 g3 78. Nf4 Qb3+ 79. Rd3 Qb6+ 80. Rd4 Qb3+ 81. Rd3 Qb7 82. Nh5+ Kg6 83.
Nf4+ Kf7 84. Rxa2 Qe4+ 85. Kd2 Qxf4+ 86. Kc3 Qc7+ 87. Kd2 Qf4+ 88. Kc3 Qe5+ 89.
Rd4 Qe1+ 90. Kc4 Qf1+ 91. Kc5 Qc1+ 92. Kd5 Qc7 93. Rda4 Kf6 94. Ra6+ Kg5 95.
Ra7 Qd8+ 96. Ke5 Qf6+ 97. Kd5 Kg4 98. R2a6 Qg5 99. Ra2 f4+ 100. Kd4 f3 101. Kd3
g2 0-1